Dimensiones olvidadas del evangelio : (Registro nro. 61443)
[ vista simple ]
| 000 -LÍDER | |
|---|---|
| Campo fijo de descripción fija | 01089cab a22002174i 4500 |
| 001 - NÚMERO DE CONTROL | |
| Campo de control | 768714001 |
| 003 - IDENTIFICADOR DEL NÚMERO DE CONTROL | |
| Campo de control | CO-MdFUSB |
| 005 - FECHA Y HORA DE LA ULTIMA TRANSACCIÓN | |
| control field | 20230111115419.0 |
| 008 - ELEMENTOS DE LONGITUD FIJA -- INFORMACIÓN GENERAL | |
| Campo fijo de descripción fija -- Información general | 180716s2003 gt ||||| |||| 00| 0 spa d |
| 022 ## - NÚMERO INTERNACIONAL NORMALIZADO PARA PUBLICACIONES SERIADAS | |
| Número Internacional Normalizado para Publicaciones Seriadas | 1014-9341 |
| 040 ## - FUENTE DE CATALOGACIÓN | |
| Agencia Catalogadora | CO-MdFUSB |
| Idioma de catalogación | spa |
| Agencia que realiza la transcripción | CO-MdFUSB |
| Agencia que realiza la modificación | CO-MdFUSB |
| 041 ## - CÓDIGO DE IDIOMA | |
| Código de idioma para texto/pista de sonido o título separado | spa |
| 100 1# - ASIENTO PRINCIPAL--NOMBRE PERSONAL | |
| Nombre personal | Sywulka, Pablo |
| Término relacionador | autor |
| 245 10 - TÍTULO | |
| Título | Dimensiones olvidadas del evangelio : |
| Subtitulo | el evangelio del Cristo exaltado |
| Mención de responsabilidad | / Pablo Sywulka |
| 300 ## - DESCRIPCIÓN FÍSICA | |
| Extensión | Número 32 (Enero -Junio, 2003), páginas 27-37 |
| Dimensiones | ; 22 cm |
| 520 ## - NOTA DE RESUMEN, ETC. | |
| Nota de sumario, etc. | En nuestra proclamación del evangelio, muchas veces pasamos por alto la verdad de que Jesús ha sido exaltado como Señor. Sin embargo, el anuncio de que Jesús es Señor exaltado constituye un aspecto importante del evangelio, y tiene profundas implicaciones para nuestra salvación, nuestro servicio y nuestra esperanza. |
| 650 #7 - ASIENTO SECUNDARIO DE MATERIA - TERMINO TEMÁTICO | |
| 9 (RLIN) | 239 |
| Término temático o nombre geográfico como elemento de entrada | Cristología |
| 773 0# - ASIENTO DE ITEM FUENTE | |
| Título | Kairós |
| Biblionumber | 49489 |
| Itemnumber | 61230 |
| Parte(s) relacionada(s) / Volumen., número. (mes año), páginas | Número 32 (Enero -Junio, 2003), páginas 27-37 |
| Enumeración y primera página | Página 27 |
| 773 0# - ASIENTO DE ITEM FUENTE | |
| Título | Kairós |
| Biblionumber | 49489 |
| Itemnumber | 81318 |
| Parte(s) relacionada(s) / Volumen., número. (mes año), páginas | Número 32 (Enero -Junio, 2003), páginas 27-37 |
| Enumeración y primera página | Página 27 |
| 942 ## - TIPO DE MATERIAL (KOHA) | |
| Tipo de Item KOHA | Artículos de Revista |
No hay ítems disponibles.
